00294nam a2200109Ia 4500008004100000100001600041245005900057260003200116650001200148942000700160999001700167190216s9999||||xx |||||||||||||| ||und|| aRajendran N 0aEstablishment Of British Power In Malabar 1664 To 1799 b"Chugh Publications, India" aHistory cBK c19241d19241